Evolución y perspectivas de la cooperación financiera en América Latina

সংরক্ষণ করুন:
গ্রন্থ-পঞ্জীর বিবরন
প্রধান লেখক: Echegaray Simonet, Alfredo (Author)
সংস্থা লেখক: Instituto para la Integración de América Latina (Author), Banco Interamericano de Desarrollo (Author)
বিন্যাস: গ্রন্থ
ভাষা:স্প্যানিশ
প্রকাশিত: Buenos Aires INTAL-BID 1982
বিষয়গুলি:
ট্যাগগুলো: ট্যাগ যুক্ত করুন
কোনো ট্যাগ নেই, প্রথমজন হিসাবে ট্যাগ করুন!

MARC

LEADER 00000nam a2200000 a 4500
001 UCX1925
003 CL-VaPUC
008 901123e19820000AG |||||||||||||||||spa|d
082 0 4 |a 338.9  |b ECH  |2 21 
100 0 |a Echegaray Simonet, Alfredo  |e author  |9 317632 
110 2 |a Instituto para la Integración de América Latina  |e author  |9 317633 
710 2 |a Banco Interamericano de Desarrollo  |e author  |9 317634 
245 1 0 |a Evolución y perspectivas de la cooperación financiera en América Latina 
300 |a 147 p 
942 |c BK 
945 |d 19901123 00:00:00 
260 |a Buenos Aires  |b INTAL-BID  |c 1982 
650 0 |a Finanzas internacionales   |9 255570 
650 7 |a INSTITUCIONES FINANCIERAS  |2 CL-VaPUC  |9 257940 
650 0 |a Integración económica  |9 255024 
651 0 |a América Latina   |9 255027 
583 |a last modification  |c 19901123 00:00:00  |k Rodrigo Vera 
999 |c 223053  |d 223051 
952 |0 0  |1 0  |4 0  |6 338_900000000000000_ECH_1982  |7 0  |8 A  |9 218475  |a BIBENE  |b BIBENE  |d 2019-11-15  |i 2872978  |o 338.9 ECH 1982  |p 2872978  |r 2025-01-15  |w 2019-11-15  |y BK  |k ICO